00775nam a22002057a 4500003000500000005001700005008004100022010001000063011001000073035001000083040000900093100003200102245019300134260004000327300001000367502008200377650003800459650003400497650003800531CHAP20220329133839.0971013s1972 r 00010 d a11736 a12708 a16220 cCHAP00aZepeda Aréchiga, Hermilo. aEfecto de la densidad de población y la fertilización nitrogenada sobre el rendimiento y algunas características del algodonero en el Distrito de Riego No. 75, Valle del Río Fuerte aChapingo, Méx. :bEl autor,c1972 a97 h. aTesis (Ing. Agrónomo Especialsita en Suelos) -- ENA. Departamento de Suelos14aDistrito de Riego El Fuerte, Sin.14aFertilizantes para algodón.14aNitrógenoxEfecto en algodón.